Statistics for Top 10 Most Viewed Kpop Music Videos

Click here to take the quiz!

General Stats

  • This quiz has been taken 428 times
  • The average score is 3 of 10

Answer Stats

Rank Views Music Video % Correct
12,569,959,000Gangnam Style
89%
4223,252,000Fantastic Baby
59%
2956,406,000Gentleman
50%
6160,844,000Gee
45%
5162,719,000I Got A Boy
35%
7150,895,000I Am the Best
27%
10108,214,000Mr. Simple
16%
8140,044,000The Boys
12%
3257,670,000Hangover
11%
9114,730,000Mr. Taxi (Japanese Version)
4%

Score Distribution

Percentile by Number Answered

Percent of People with Each Score

Your Score History

You have not taken this quiz